000
00317nam a2200121Ia 4500
005
20251222141759.0
008
251222s9999||||xx |||||||||||||| ||spa||
082
_a
972.009/A57
245
0
_a
40+1 Innovadores que han Cambiado el Mundo en el Siglo XXI
250
_a
1ra. ed.
264
_b
Grupo Anaya, S.A.
942
_c
LIB
999
_c
6106
_d
6106